000 00320nam a22001337a 4500
008 170713b xxu||||| |||| 00| 0 eng d
020 _a9780760702888
041 _aeng
080 _a038
100 _a23
101 _aFJA
245 _aWEBSTERS NEW UNIVERSAL UNABRIDGED DICTIONARY
_cBARNE.P
942 _2udc
_cBK
999 _c20430
_d20430